Celebridades - Statistics

Estatísticas Gerais
  • Esse quiz foi jogado 368 vezes
  • A pontuação média é 8 de 15
Estatísticas das Respostas
Imagem Resposta % Correto
Michael Jackson
96%
Leonardo DiCaprio
92%
John Lennon
77%
Marilyn Monroe
77%
Michael Jordan
76%
Madonna
57%
Whitney Houston
53%
Paul McCartney
51%
Frank Sinatra
41%
Mariah Carey
39%
Bono
30%
Aretha Franklin
29%
Ellen DeGeneres
21%
Grace Kelly
13%
Tomo Ono
13%
Nenhum quiz correspondente encontrado
Distribuição das Pontuações
Porcentagem de Pessoas com Cada Pontuação
Percentil de Números Respondidos
Sua Pontuação Histórica
Você não jogou esse quiz